| 000 | 00734nam a2200289 a 4500 | ||
|---|---|---|---|
| 003 | AR-BaBNM | ||
| 005 | 20251128210632.0 | ||
| 008 | 082120s2002 ||||||||||||||000 | spa|| | ||
| 020 | _a950-04-1633-6 | ||
| 040 | _cAR-BaBNM | ||
| 100 | 1 | _aSpence, Gerry | |
| 245 | 0 | 0 |
_aConvencer para ganar _bel arte de argumentar con éxito |
| 250 | _a1ª ed. | ||
| 260 |
_aBuenos Aires _bEmecé _c1996 |
||
| 300 | _a330 p. | ||
| 650 | 4 | _aANALISIS LINGUISTICO | |
| 650 | 4 | _aLOGICA | |
| 650 | 4 | _aRETORICA | |
| 650 | 4 | _aSINTAXIS | |
| 650 | 4 | _aSEMANTICA | |
| 650 | 4 | _aPERSUASION | |
| 653 | _aTEORIA DE LA ENUNCIACION | ||
| 655 | _aLITERATURA | ||
| 700 | 1 |
_aFantín de Bellocq, Constanza _etraductor |
|
| 942 | _cBK | ||
| 998 | _cMARTIN | ||
| 999 |
_c16283 _d16283 |
||